Pokémon - Les attaques de Fluvetin - Statistiques

Statistiques générales
  • Ce quiz a été pris 10 fois
  • Le résultat moyen est 10 sur 15
Statistiques - réponses
Niveaux Types Noms des attaques % Correct
Niveau 12 Plante Aromathérapie
100%
Niveau 36 Fée Pouvoir Lunaire
100%
Niveau 27 Psy Psyko
100%
Niveau 24 Fée Champ Brumeux
83%
Niveau 30 Fée Charme
83%
Niveau 3 Fée Doux Baiser
83%
Niveau 9 Fée Vampibaiser
83%
Niveau 15 Fée Vampibaiser
83%
Départ Fée Vent Féérique
83%
Départ Normal Doux Parfum
67%
Niveau 33 Psy Plénitude
50%
Niveau 18 Normal Attraction
33%
Niveau 6 Normal Écho
33%
Niveau 39 Psy Échange
17%
Niveau 21 Normal Gigotage
17%
Aucun quiz correspondant
Distribution des résultats
% des personnes avec chaque résultat
Percentile par nombre de réponses
Votre historique - résultats
Vous n’avez pas pris ce quiz